000 00476nam a2200169Ia 4500
003 OSt
005 20170518093715.0
008 151021s9999 xx 000 0 und d
040 _aMMU
_bEng
_cMMU
_dMMU
050 _aSD418.3.C354885 1995
100 _aWarner,Katherine
245 _a_Selecting Tree Species on the Basis of Community Needs/
_cKatherine Warner
260 _aNairobi:
_bFAO
_c1995
300 _avii,160p.;ill
650 _a_Trees Species
942 _2lcc
_cCD'S
999 _c6414
_d6414